000 00639nam a2200193 4500
001 148427
003 ES-MaACL
005 20230906202627.0
007 t|
008 070214s1973 sp r ||||1| spa d
100 1 _aStein, Ekkehart.
_9108024
245 1 0 _aDerecho político /
_cEkkehart Stein ; traducción del alemán de Fernando Sainz Moreno ; nota preliminar de Francisco Rubio Llorente.
250 _a1ª. ed.
260 _aMadrid :
_bAguilar,
_c1973.
300 _aXXXVI, 322 p. ;
_c24 cm.
700 1 _aRubio Llorente, Francisco.
_9100424
700 1 _aSainz Moreno, Fernando.
_9101603
852 _aES-MaACL
_jC-54721
_bR.87255
999 _c148427
_d148427